000 00661nam a2200217 a 4500
005 20240919063756.0
008 050311s2004 000 eng d
020 _a9707014938
035 _aUPN01000138080
040 _aUPN
_bspa
_cUPN
049 _aCG
050 4 _aHN113
_bL8.6
245 0 4 _aLos lunes del círculo, 2 /
_cLuis Medina Peña ... [et al.].
260 _aMéxico :
_bM. A. Porrúa :
_bCírculo de Estudios México,
_c2004.
300 _a374 p.
651 4 _aMéxico
_xCondiciones sociales
_94559
651 4 _aMéxico
_xCondiciones económicas
_95661
700 1 _aMedina Peña, Luis
_ecoaut.
_929278
905 _aLibro
942 _2lcc
_cLIBRO
999 _c110231
_d110231